Minerals and rateable occupation (Record no. 5235)

MARC details
000 -LEADER
fixed length control field 00799cab a2200193 4500
001 - CONTROL NUMBER
control field WB2242-46
008 - FIXED-LENGTH DATA ELEMENTS--GENERAL INFORMATION
fixed length control field 090401t1986 xxu||||| |||| 00| 0 eng d
035 ## - SYSTEM CONTROL NUMBER
System control number (Sirsi) u8489
041 ## - LANGUAGE CODE
Language code of text/sound track or separate title eng
245 ## - TITLE STATEMENT
Title Minerals and rateable occupation
260 ## - PUBLICATION, DISTRIBUTION, ETC.
Date of publication, distribution, etc. 1986
350 ## - PRICE (NR) (BK AM CF MU VM SE) [OBSOLETE]
Price 0
490 ## - SERIES STATEMENT
Series statement Estates Gazette
Volume/sequential designation vol 280 no 6306, 18/10/86 p365
520 ## - SUMMARY, ETC.
Summary, etc. Discusses rateable occupation with regard to mineral extraction and refers to caselaw, in particular the decision in Bartlett (VO) v Reservoir Aggregates Ltd CA 31 July 1985, (Abs35371) in which the company contested rating assessments in respect of work being carried out on a reservoir which involved the dredging and deepening of it.
650 ## - SUBJECT ADDED ENTRY--TOPICAL TERM
Topical term or geographic name entry element GRAVEL EXTRACTION
690 ## - LOCAL SUBJECT ADDED ENTRY--TOPICAL TERM (OCLC, RLIN)
Topical term or geographic name as entry element RATING AND VALUATION
942 ## - ADDED ENTRY ELEMENTS (KOHA)
Suppress in OPAC 0
948 ## - LOCAL PROCESSING INFORMATION (OCLC); SERIES PART DESIGNATOR (RLIN)
c (OCLC) 04/03/1997
Holdings
Withdrawn status Lost status Source of classification or shelving scheme Damaged status Not for loan Home library Current library Shelving location Date acquired Total Checkouts Full call number Barcode Date last seen Copy number Price effective from Koha item type
    Dewey Decimal Classification     London London News article 14/09/1999   WB2242-46 8489-1001 06/08/2019 1 06/08/2019 News article